Quiz sur l'Aisne - Statistiques

Statistiques générales
  • Ce quiz a été pris 488 fois
    474 depuis la dernière actualisation
  • Le résultat moyen est 15 sur 20
Statistiques - réponses
Question Réponse % Correct
Numéro du département 02
99%
Pays limitrophe Belgique
94%
Préfecture Laon
92%
Oise
91%
Région Hauts-de-France
90%
Somme
90%
Nord
88%
Soissons
86%
Sous-préfecture et plus grande ville Saint-Quentin
84%
Marne
83%
Objet cassé par un soldat de Clovis qui porte le nom d'une des préfectures. Vase
82%
Départements limitrophes Ardennes
77%
Célèbre fabuliste né dans l'Aisne. Jean de la Fontaine
74%
Kamini affirme dans sa chanson ''J'viens pas d'Panam, mais d'...'', village de l'Aisne. Marly-Gomont
72%
Boisson AOP prestigieuse produite dans l'extrême sud du département. Champagne
71%
Autres sous-préfectures Château-Thierry
70%
Seine-et-Marne
62%
Gentilé Axonais
42%
Vervins
41%
Nombre d'habitants (arrondi à la dizaine de milliers d'habitants) 530 000 (533 316)
25%
Aucun quiz correspondant
Distribution des résultats
% des personnes avec chaque résultat
Percentile par nombre de réponses
Votre historique - résultats
Vous n’avez pas pris ce quiz depuis la dernière actualisation